00870nam a2200193Ia 4500003000900000008004100009020001800050040001600068080002000084100001600104111012900120245026800249260003700517300001200554650004100566650001700607650002900624700002300653IN-BaIIA211028s9999 xx 000 0 eng d a2-86332-043-2 cIIA Library a524(082.2)bAUD aAudouze, J. aRecontre de Moriond Astrophysics Meeting on Accretion Processes in Astrophysicsn21stcLes Arcs-Savoie-Franced1986 Mar.9-16 0aAccretion processes in astrophysicsbtwenty-first recontre de Moriond astrophysics meeting on accretion processes in astrophysics , held in Les Arcs-Savoie-France,March 9-16,1986cJ. Audouze and J. Tran Thanh Van  aFrancebEditions Frontiersc1986 ax,215p. aAstronomy and Astrophysics Thesaurus aAstrophysics aTheoretical Astrophysics aVan, J. Tran Thanh